| 000 | 00619nam a2200169 i 4500 | ||
|---|---|---|---|
| 001 | 115680 | ||
| 003 | ES-MaACL | ||
| 005 | 20230906190531.0 | ||
| 007 | t| | ||
| 008 | 070426s1850 sp ||||1| spa d | ||
| 100 | 1 |
_aRodríguez, Santiago. _998302 |
|
| 245 | 1 | 0 |
_aDescripción geológica del antiguo corregimiento de Albarracín en la provincia de Teruel / _cSantiago Rodríguez. |
| 260 |
_a[S.l. : _bs.n., _c1851] |
||
| 300 |
_ap. 39-52, 65-76, 1 h. pleg. ; _c23 cm. |
||
| 500 | _aSeparata de: Revista Minera: periódico científico e industrial, Tomo II (1º de febrero de 1851) | ||
| 852 |
_aES-MaACL _jT-1104-F-10 |
||
| 999 |
_c115680 _d115680 |
||